Stemmi Squadre di calcio dal dettaglio - Germania - Quiz n°1 - Statistics

Statistiche generali
  • Questo quiz è stato fatto 15 volte
  • Il punteggio medio è 6 su 10
Statistiche sulle risposte
con Immagini Risposta % Corretto
RB Lipsia
100%
Hannover 96
92%
Colonia
85%
Hoffenheim
69%
Monaco 1860
62%
Arminia Bielefeld
46%
Fortuna Düsseldorf
46%
Paderborn
46%
St. Pauli
38%
Karlsruher
15%
Nessun quiz corrispondente trovato
Distribuzione punteggi
Percentuale di utenti per punteggio
Percentile per numero di risposta
I tuoi punteggi nel tempo
Non hai fatto questo quiz